বিশ্বনবী (১ম খণ্ড ও ২য় খণ্ড) (Record no. 17931)
[ view plain ]
| 000 -LEADER | |
|---|---|
| fixed length control field | 00855nam a22002057a 4500 |
| 003 - CONTROL NUMBER IDENTIFIER | |
| control field | BDDh-ASL |
| 005 - DATE AND TIME OF LATEST TRANSACTION | |
| control field | 20231015025646.0 |
| 008 - FIXED-LENGTH DATA ELEMENTS--GENERAL INFORMATION | |
| fixed length control field | 200915b1963 ||||| b||| 00| 0 d |
| 040 ## - CATALOGING SOURCE | |
| Original cataloging agency | BDDh-ASL |
| Transcribing agency | BDDh-ASL |
| Modifying agency | BDDh-ASL |
| 041 ## - LANGUAGE CODE | |
| Language code of text/sound track or separate title | bengali |
| 082 ## - DEWEY DECIMAL CLASSIFICATION NUMBER | |
| Classification number | 297.246 |
| Item number | MOB |
| 100 1# - MAIN ENTRY--PERSONAL NAME | |
| Personal name | মোস্তফা, গোলাম |
| 9 (RLIN) | 752 |
| 245 1# - TITLE STATEMENT | |
| Title | বিশ্বনবী (১ম খণ্ড ও ২য় খণ্ড) |
| Statement of responsibility, etc. | গোলাম মোস্তফা। |
| 246 ## - VARYING FORM OF TITLE | |
| Title proper/short title | Bisawnabi. |
| 260 ## - PUBLICATION, DISTRIBUTION, ETC. | |
| Place of publication, distribution, etc. | ঢাকা: |
| Name of publisher, distributor, etc. | আহম্মদ পাবলিশিং হাউস, |
| Date of publication, distribution, etc. | ১৯৬৩। |
| 300 ## - PHYSICAL DESCRIPTION | |
| Extent | ৩৪৬, ২২১ পৃষ্ঠা: |
| Dimensions | ১৯ সে. মি.। |
| 504 ## - BIBLIOGRAPHY, ETC. NOTE | |
| Bibliography, etc. note | গ্রন্থপঞ্জি সংযুক্তি। |
| 650 #0 - SUBJECT ADDED ENTRY--TOPICAL TERM | |
| 9 (RLIN) | 753 |
| Topical term or geographic name entry element | ইসলাম ধর্ম |
| General subdivision | বিশ্বনবী |
| 942 ## - ADDED ENTRY ELEMENTS (KOHA) | |
| Source of classification or shelving scheme | Dewey Decimal Classification |
| Koha item type | Books |
| Withdrawn status | Lost status | Source of classification or shelving scheme | Damaged status | Not for loan | Collection code | Home library | Current library | Shelving location | Date acquired | Source of acquisition | Serial Enumeration / chronology | Total Checkouts | Full call number | Barcode | Date last seen | Copy number | Price effective from | Koha item type |
|---|---|---|---|---|---|---|---|---|---|---|---|---|---|---|---|---|---|---|
| Dewey Decimal Classification | Non-fiction | Asiatic Society Library | Asiatic Society Library | General Stacks | 09/15/2020 | Donated by Prof. (Dr.) M. Abdul Qayyum & Dr. Razia Sultana | V-1,2 | 297.246 MOB | 101072 | 09/15/2020 | C-1 | 09/15/2020 | Books |